Normal view
MARC view
Entry Personal Name
001 - CONTROL NUMBER
- control field: 66979
003 - CONTROL NUMBER IDENTIFIER
- control field: dpl
005 - DATE AND TIME OF LATEST TRANSACTION
- control field: 20240528110159.0
008 - FIXED-LENGTH DATA ELEMENTS
- fixed length control field: 240528|| aca||aabn | a|a d
040 ## - CATALOGING SOURCE
- Original cataloging agency: dpl
- Transcribing agency: dpl
100 ## - HEADING--PERSONAL NAME
- Personal name: हरिमोहन, प्रो
670 ## - SOURCE DATA FOUND
- Source citation: Work cat.: (dpl)203299: हरिमोहन, प्रो., प्रशासनिक हिन्दी टिप्पण, प्रारूपण एवं पत्र-लेखन/, 2023
